<?xml version="1.0" encoding="UTF-8"?>
<record
    xmlns:xsi="http://www.w3.org/2001/XMLSchema-instance"
    xsi:schemaLocation="http://www.loc.gov/MARC21/slim http://www.loc.gov/standards/marcxml/schema/MARC21slim.xsd"
    xmlns="http://www.loc.gov/MARC21/slim">

  <leader>01195nam a22002537a 4500</leader>
  <controlfield tag="003">OSt</controlfield>
  <controlfield tag="005">20190109114310.0</controlfield>
  <controlfield tag="008">180307b        xxu||||| |||| 00| 0 spa d</controlfield>
  <datafield tag="020" ind1=" " ind2=" ">
    <subfield code="a">9505082967</subfield>
  </datafield>
  <datafield tag="040" ind1=" " ind2=" ">
    <subfield code="c">PJ</subfield>
  </datafield>
  <datafield tag="100" ind1=" " ind2=" ">
    <subfield code="9">3593</subfield>
    <subfield code="a">Etchegaray, Natalio Pedro</subfield>
  </datafield>
  <datafield tag="245" ind1="1" ind2="0">
    <subfield code="a">Boleto de compraventa : </subfield>
    <subfield code="b">examen exeg&#xE9;tico de un boleto tipo /</subfield>
    <subfield code="c">Natalio Pedro Etchegaray.</subfield>
  </datafield>
  <datafield tag="250" ind1=" " ind2=" ">
    <subfield code="a">2a. ed. act.</subfield>
  </datafield>
  <datafield tag="260" ind1=" " ind2=" ">
    <subfield code="a">Buenos Aires :</subfield>
    <subfield code="b">Astrea,</subfield>
    <subfield code="c">1993.</subfield>
  </datafield>
  <datafield tag="300" ind1=" " ind2=" ">
    <subfield code="a">xxxix, 288 p.</subfield>
    <subfield code="c">23 cm.</subfield>
  </datafield>
  <datafield tag="490" ind1=" " ind2=" ">
    <subfield code="a">T&#xE9;cnica y Pr&#xE1;ctica Documental</subfield>
  </datafield>
  <datafield tag="504" ind1=" " ind2=" ">
    <subfield code="a">Bibliograf&#xED;a: p. 279-281.</subfield>
  </datafield>
  <datafield tag="505" ind1=" " ind2=" ">
    <subfield code="a">Contenido:
Menciones generales y particulares. Arrepentimiento y resoluci&#xF3;n por incumplimiento. Contratante: menor, emancipado, casado, divorciado, separado de hecho, viudo. Representaci&#xF3;n. Intervinientes por y para otros. Sociedades. Asociaciones. Descripci&#xF3;n del bien. Precio y forma de pago. Entrega. Asentimiento conyugal. Cesi&#xF3;n de boleto. Prehorizontalidad. Propiedad horizontal.</subfield>
  </datafield>
  <datafield tag="650" ind1=" " ind2="0">
    <subfield code="9">352</subfield>
    <subfield code="a">DERECHO CIVIL</subfield>
  </datafield>
  <datafield tag="650" ind1=" " ind2="0">
    <subfield code="9">1589</subfield>
    <subfield code="a">CONTRATOS CIVILES</subfield>
  </datafield>
  <datafield tag="650" ind1=" " ind2="0">
    <subfield code="9">3413</subfield>
    <subfield code="a">BOLETO DE COMPRAVENTA</subfield>
  </datafield>
  <datafield tag="650" ind1=" " ind2="0">
    <subfield code="9">2239</subfield>
    <subfield code="a">COMPRAVENTA INMOBILIARIA</subfield>
  </datafield>
  <datafield tag="942" ind1=" " ind2=" ">
    <subfield code="2">udc</subfield>
    <subfield code="c">LIB</subfield>
    <subfield code="h">347.235:347.451</subfield>
    <subfield code="i">ETC</subfield>
  </datafield>
  <datafield tag="999" ind1=" " ind2=" ">
    <subfield code="c">2272</subfield>
    <subfield code="d">2272</subfield>
  </datafield>
  <datafield tag="952" ind1=" " ind2=" ">
    <subfield code="0">0</subfield>
    <subfield code="1">0</subfield>
    <subfield code="2">udc</subfield>
    <subfield code="4">0</subfield>
    <subfield code="7">0</subfield>
    <subfield code="a">DJS</subfield>
    <subfield code="b">DJS</subfield>
    <subfield code="d">2019-01-09</subfield>
    <subfield code="l">1</subfield>
    <subfield code="o">347.235:347.451 ETC</subfield>
    <subfield code="p">1063</subfield>
    <subfield code="r">2019-05-30</subfield>
    <subfield code="s">2019-05-28</subfield>
    <subfield code="w">2019-01-09</subfield>
    <subfield code="y">LIB</subfield>
  </datafield>
</record>
